| 000 | 01090nam a2200277 i 4500 | ||
|---|---|---|---|
| 001 | 15767 | ||
| 003 | ES-MaACL | ||
| 005 | 20230906151140.0 | ||
| 007 | t| | ||
| 008 | 000505s1998 sp ||||0| spa j | ||
| 020 | _a84-88006-41-1 | ||
| 040 |
_aM-BN _bspa _cM-BN |
||
| 080 | _a7 Supports-Surfaces (064.3) | ||
| 110 | 2 |
_aCentre Georges Pompidou. _92555 |
|
| 245 | 1 | 4 | _aLos años Supports Surfaces en las colecciones del Centre Georges Pompidou. |
| 260 |
_a[Madrid : _bCentro Cultural del Conde Duque, _c1998] |
||
| 300 |
_a199 p : _bil. col ; _c30 cm. |
||
| 500 | _aExposición: París, Galerie nationale du Jeu de paume, 18 de mayo-30 de agosto de 1998 ; Madrid, Centro Cultural del Conde Duque, 20 de octubre-8 de diciembre de 1998. | ||
| 610 | 2 | 7 |
_aSupports-Surfaces (Grupo artístico)- _vExposiciones. _96895 |
| 655 | 7 |
_2tgfbne _9193628 _aCatálogos de exposiciones |
|
| 710 | 2 |
_aCentro Cultural del Conde Duque. _92579 |
|
| 710 | 2 |
_aGalerie nationale du Jeu de paume. _94450 |
|
| 852 |
_aES-MaACL _jL-22978 _bR.126847 |
||
| 942 | _2udc | ||
| 999 |
_c15767 _d15767 |
||